000 00795nam a22002057a 4500
999 _c15949
_d15949
003 AR-CdUCM
008 190430b ||||| |||| 00| 0 spa d
040 _aMUNICIPALIDAD PROVINCIAL DEL CUSCO
_cBIBLIOTECA MUNICIPAL DEL CUSCO
082 _a868.6 /
_bC39
100 _aCejador y Frauca, Julio
_935204
245 _aCabos sueltos :
_bLiteratura y Lingüística /
260 _aMadrid :
_bSucesores de Hernando,
_c1907.
300 _a564 paginas ;
_c17 cm.
505 _aContenido :Lingüística y Fitología --Estudio del castellano --Idolillos de gramaticos --Los orígenes de la lengua castellana según un libro reciente ...
650 _aLingüística
_91640
650 _aGramática
_99175
650 _aOrtologia castellana
_935205
942 _2ddc
_cLIBROS
945 _arjall
_d2019-04-30